000 004180000a22001690004500
003 MACL
005 20160108135149.0
008 160108b xxu||||| |||| 00| 0 eng d
040 _aMACL
_cMACL
041 _aEnglish
082 _a920.71/KEE
100 _aKeer, Dhananjay
_914508
245 _aVeer Savarkar
260 _bPopular Prakashan
_c1950
_aBombay
650 _aBiography
_929726
942 _cBK
_k920.71/KEE
_2ddc
999 _c35715
_d35715